| 000 | 00651nam a2200241Ia 4500 | ||
|---|---|---|---|
| 008 | 160319s9999 xx 000 0 und d | ||
| 020 | _a971-08-0327-1 | ||
| 050 | _aFIL QA 154.3 | ||
| 050 | _b.M55 2004 | ||
| 100 | _aMijares, Catalina Dinio. | ||
| 245 | _aCollege algebra / | ||
| 245 | _cCatalina Dinio Mijares | ||
| 250 | _aRevised Edition | ||
| 260 | _aMandaluyong: | ||
| 260 | _bNational Book Store, | ||
| 260 | _c2004 | ||
| 300 | _a378 pages : | ||
| 300 | _billustrations ; | ||
| 300 | _c22 cm. | ||
| 650 | _aAlgebra -- Problems, exercises, etc. | ||
| 650 | _aAlgebra -- Study and teaching. | ||
| 650 | _xAlgebra -- Textbooks. | ||
| 999 |
_c291821 _d291821 |
||